000
00302nam a2200133Ia 4500
005
20260328104247.0
008
260328s9999||||xx |||||||||||||| ||und||
100
_a
Henze, Anton
245
0
_a
Le Corbusier /
_c
Anton Henze
260
_b
Colloquium
300
_a
80 p.
650
_a
TEORÍA
942
_c
BK
999
_c
10117
_d
10117